La política mundial de los Estados Unidos / (Record no. 106474)
[ view plain ]
| 000 -LEADER | |
|---|---|
| campo de control de longitud fija | 01003nam a2200241 i 4500 |
| 001 - NÚMERO DE CONTROL | |
| campo de control | 106474 |
| 003 - IDENTIFICADOR DE NÚMERO DE CONTROL | |
| campo de control | ES-MaACL |
| 005 - FECHA Y HORA DE LA ÚLTIMA TRANSACCIÓN | |
| campo de control | 20250830232242.0 |
| 007 - CAMPO FIJO DE DESCRIPCIÓN FÍSICA--INFORMACIÓN GENERAL | |
| campo de control de longitud fija | t| |
| 008 - DATOS DE LONGITUD FIJA--INFORMACIÓN GENERAL | |
| campo de control de longitud fija | 221106s1962 sp ||||1| spa d |
| 080 ## - NÚMERO DE LA CLASIFICACIÓN DECIMAL UNIVERSAL | |
| Número de la Clasificación Decimal Universal | 327(73) |
| 100 1# - ENTRADA PRINCIPAL--NOMBRE DE PERSONA | |
| Nombre de persona | Calvo Serer, Rafael, |
| Fechas asociadas al nombre | 1916-1988 |
| 9 (RLIN) | 33911 |
| 245 13 - MENCIÓN DEL TÍTULO | |
| Título | La política mundial de los Estados Unidos / |
| Mención de responsabilidad, etc. | Rafael Calvo Serer. |
| 260 ## - PUBLICACIÓN, DISTRIBUCIÓN, ETC. | |
| Lugar de publicación, distribución, etc. | Madrid : |
| Nombre del editor, distribuidor, etc. | Ateneo, |
| Fecha de publicación, distribución, etc. | 1962. |
| 300 ## - DESCRIPCIÓN FÍSICA | |
| Extensión | 64 p. ; |
| Dimensiones | 19 cm. |
| 490 1# - MENCIÓN DE SERIE | |
| Mención de serie | Colección "O crece o muere" ; |
| Designación de volumen o secuencia | 171-172 |
| 500 ## - NOTA GENERAL | |
| Nota general | Este trabajo fue dado a conocer -en su parte principal- por su autor en la conferencia celebrada en la Sociedad Valenciana de Agricultura, el día 26 de junio de 1961, bajo el título de "Los cien primeros días de la Administración Kennedy" |
| 651 #4 - PUNTO DE ACCESO ADICIONAL DE MATERIA--NOMBRE GEOGRÁFICO | |
| Nombre geográfico | Estados Unidos- |
| Subdivisión general | Política exterior- |
| Subdivisión cronológica | S.XX |
| 9 (RLIN) | 8551 |
| 710 2# - ENTRADA AGREGADA--NOMBRE DE ENTIDAD CORPORATIVA | |
| Nombre de entidad corporativa o nombre de jurisdicción como elemento de entrada | Ateneo de Madrid. |
| 9 (RLIN) | 1875 |
| 830 00 - PUNTO DE ACCESO ADICIONAL DE SERIE-TÍTULO UNIFORME | |
| Título uniforme | Colección "O crece o muere" |
| Designación de volumen o secuencia | 171-172 |
| 9 (RLIN) | 183476 |
| 852 ## - LOCALIZACIÓN | |
| Ubicación | ES-MaACL |
| Número de control de estantería | 2208-F-13 |
| Sublocalización o colección | R.138058 |
| Estatus retirado | Estado de pérdida | Estado de daño | No para préstamo | Colección | Biblioteca de origen | Biblioteca actual | Ubicación en estantería | Fecha de adquisición | Fuente de adquisición | Total de préstamos | Signatura topográfica completa | Código de barras | Visto por última vez | Precio de reemplazo | Tipo de ítem Koha |
|---|---|---|---|---|---|---|---|---|---|---|---|---|---|---|---|
| Colección de folletos | Biblioteca del Ateneo de Madrid | Biblioteca del Ateneo de Madrid | Depósito folletos | 17/01/2008 | 2208-F-13 | 1111146 | 23/02/2023 | 23/02/2023 | Folleto |
